| 000 | 00742nam a22002537a 4500 | ||
|---|---|---|---|
| 003 | BJBSDDR | ||
| 005 | 20260325125915.0 | ||
| 007 | ta | ||
| 008 | 260323s1996 ck ||||| |||| 00| 0 spa d | ||
| 020 | _a9789580434276 | ||
| 020 | _a9580434271 | ||
| 040 |
_bspa _cBJBSDDR |
||
| 041 | _aspa | ||
| 050 | 1 | 4 |
_aPQ 8180.17 _bG216not 1996 |
| 100 | 1 |
_aGarcía Márquez, Gabriel, _d1927-2014 _9865 |
|
| 245 | 1 | 0 |
_aNoticia de un secuestro / _cGabriel García Márquez. |
| 260 |
_aSantafé de Bogotá, Colombia : _bGrupo Editorial Norma, _c1996 |
||
| 300 |
_a336 páginas ; _c24 cm. |
||
| 650 | 4 |
_aNovela colombiana _9870 |
|
| 650 | 4 |
_aLiteratura colombiana _9869 |
|
| 650 | 4 |
_aSecuestro _vNovela _940741 |
|
| 942 |
_2lcc _cBK |
||
| 946 | _icmc | ||
| 999 |
_c126664 _d126664 |
||